[Event "European Women-ch 2023"]
[Site "Petrovac"]
[Date "2023.03.23"]
[Round "6.1"]
[White "Guichard, Pauline"]
[Black "Gajcin, Marina"]
[Result "1-0"]
[WhiteElo "2379"]
[BlackElo "2215"]
[Annotator "TA"]
[PlyCount "119"]
[EventDate "2023.03.15"]
[EventType "swiss"]
[EventCountry "MNE"]
[SourceTitle "playchess.com"]
[Source "ChessBase"]
[SourceQuality "1"]

1. d4 Nf6 2. c4 g6 3. Nc3 d5 4. Nf3 Bg7 5. Bg5 c5 6. Bxf6 Bxf6 7. cxd5 cxd4 8. Nxd4 Qb6 9. e3 Qxb2 10. Rc1 O-O 11. Be2 Bxd4 12. exd4 Nd7 13. O-O Nf6 14. Re1 Bd7 15. Bf3 Qb4 16. Qb3 a5 17. Ne2 Rac8 18. Qe3 Rxc1 19. Nxc1 Qd6 20. Qb3 b6 21. Nd3 Bg4 22. Bxg4 Nxg4 23. Ne5 Nf6 24. Nc6 Re8 25. Qxb6 Nxd5 26. Qb5 Nc7 27. Qc4 Qd5 28. Qa4 e6 29. Re5 Qd6 30. Rxa5 Rc8 31. g3 Kg7 32. Ne5 Rb8 33. Ra7 Rb1+ 34. Kg2 Rc1 35. Qd7 Qxd7 36. Nxd7 Nb5 37. Rb7 Nxd4 38. Ne5 Kf6 39. f4 Rc2+ 40. Kh3 Kf5 41. Rxf7+ Ke4 42. Rxh7 g5 43. Ng6 Rxa2 44. fxg5 Nf3 45. Re7 Rxh2+ 46. Kg4 e5 47. Nh4 Nd4 48. g6 Ra2 49. g7 Ra8 50. Ng6 Nc6 51. Re6 Rg8 52. Rxc6 Rxg7 53. Re6 Kd4 54. Kf5 Rf7+ 55. Rf6 Rh7 56. Nxe5 Rh5+ 57. Kf4 Kd5 58. g4 Rxe5 59. Rf5 Rxf5+ 60. Kxf5 1-0

[Event "European Women-ch 2023"]
[Site "Petrovac"]
[Date "2023.03.23"]
[Round "6.1"]
[White "Slaba, Andrea"]
[Black "Sieber, Fiona"]
[Result "0-1"]
[WhiteElo "2061"]
[BlackElo "2217"]
[Annotator "TA"]
[PlyCount "58"]
[EventDate "2023.03.15"]
[EventType "swiss"]
[EventCountry "MNE"]
[SourceTitle "playchess.com"]
[Source "ChessBase"]
[SourceQuality "1"]

1. Nf3 c5 2. c4 Nc6 3. Nc3 e6 4. e3 d5 5. d4 Nf6 6. a3 cxd4 7. exd4 Be7 8. Bd3 O-O 9. O-O dxc4 10. Bxc4 b6 11. Bb3 Bb7 12. Bc2 Qd6 13. Ne2 e5 14. dxe5 Nxe5 15. Nxe5 Qxe5 16. Nf4 Rad8 17. Qe2 Qc7 18. Be3 Bd6 19. g3 Qc6 20. f3 Rfe8 21. Ng2 Bc5 22. Qf2 Ng4 23. Be4 Nxf2 24. Bxc6 Nh3+ 25. Kh1 Bxc6 26. Bxc5 bxc5 27. Rac1 f6 28. Rxc5 Bxf3 29. Rc2 Re2 0-1

[Event "European Women-ch 2023"]
[Site "Petrovac"]
[Date "2023.03.23"]
[Round "6.2"]
[White "Khotenashvili, Bela"]
[Black "Wagner, Dinara"]
[Result "1/2-1/2"]
[WhiteElo "2491"]
[BlackElo "2411"]
[Annotator "TA"]
[PlyCount "111"]
[EventDate "2023.03.15"]
[EventType "swiss"]
[EventCountry "MNE"]
[SourceTitle "playchess.com"]
[Source "ChessBase"]
[SourceQuality "1"]

1. Nf3 d5 2. g3 c5 3. Bg2 Nc6 4. d4 e6 5. O-O Nf6 6. c4 dxc4 7. Qa4 Bd7 8. Qxc4 cxd4 9. Nxd4 Rc8 10. Nc3 Nxd4 11. Qxd4 Bc5 12. Qh4 Bc6 13. Rd1 Qa5 14. Bxc6+ Rxc6 15. Bg5 Be7 16. Ne4 Qe5 17. Nxf6+ Bxf6 18. Bxf6 Qxf6 19. Qb4 Qe7 20. Qd4 O-O 21. Rac1 Rxc1 22. Rxc1 b6 23. Qe5 Qf6 24. Qb5 Qe7 25. Rc6 Rd8 26. Qc4 g6 27. b4 Qd7 28. b5 Qd1+ 29. Kg2 Qd5+ 30. e4 Qxc4 31. Rxc4 Rd2 32. a4 Ra2 33. e5 Ra3 34. h4 h5 35. Kf1 Ra2 36. Ke1 Kf8 37. Rf4 Ke7 38. Kf1 Ke8 39. Rc4 Kd7 40. Ke1 Kd8 41. Kf1 Kd7 42. g4 hxg4 43. Rxg4 Ke7 44. Rc4 Kd7 45. Re4 Ke7 46. Kg2 Ra3 47. f3 Ra2+ 48. Kg3 Kf8 49. Rc4 Kg7 50. Kg4 Ra3 51. f4 Ra1 52. Rd4 Rg1+ 53. Kf3 Ra1 54. Kg4 Rg1+ 55. Kf3 Ra1 56. Ke4 1/2-1/2

[Event "European Women-ch 2023"]
[Site "Petrovac"]
[Date "2023.03.23"]
[Round "6.2"]
[White "Garifullina, Leya"]
[Black "Radeva, Viktoria"]
[Result "1-0"]
[WhiteElo "2372"]
[BlackElo "2247"]
[Annotator "TA"]
[PlyCount "105"]
[EventDate "2023.03.15"]
[EventType "swiss"]
[EventCountry "MNE"]
[SourceTitle "playchess.com"]
[Source "ChessBase"]
[SourceQuality "1"]

1. e4 e6 2. d4 d5 3. Nc3 Nf6 4. e5 Nfd7 5. f4 c5 6. Nf3 Nc6 7. Be3 cxd4 8. Nxd4 Qb6 9. Qd2 Qxb2 10. Rb1 Qa3 11. Bb5 Nxd4 12. Bxd4 a6 13. Bxd7+ Bxd7 14. Rb3 Qe7 15. Rxb7 Qh4+ 16. Qf2 Qxf2+ 17. Kxf2 Be7 18. Rhb1 Bd8 19. Rb8 Rxb8 20. Rxb8 O-O 21. Rb7 Bc6 22. Ra7 Ba5 23. Rxa6 Bxc3 24. Bxc3 Rc8 25. Ke3 Bb7 26. Ra3 h5 27. Kd2 d4 28. Bxd4 Bxg2 29. Ra7 Rc4 30. c3 h4 31. Ke3 g6 32. a4 Kg7 33. Kd3 Bd5 34. h3 g5 35. fxg5 Kg6 36. Be3 Rc6 37. Rd7 Rc4 38. Rd8 Rxa4 39. Rh8 Bc4+ 40. Kd2 Bf1 41. Rh6+ Kg7 42. Bc5 Ra2+ 43. Ke1 Bd3 44. Be7 Bh7 45. Bf6+ Kg8 46. Rxh4 Rg2 47. c4 Rg3 48. c5 Rc3 49. Rb4 Bc2 50. h4 Kh7 51. h5 Bd1 52. Kxd1 Rxc5 53. Rb7 1-0

[Event "European Women-ch 2023"]
[Site "Petrovac"]
[Date "2023.03.23"]
[Round "6.2"]
[White "Valkova, Angelika"]
[Black "Ibrahimova, Sabina"]
[Result "1-0"]
[WhiteElo "2055"]
[BlackElo "2207"]
[Annotator "TA"]
[PlyCount "77"]
[EventDate "2023.03.15"]
[EventType "swiss"]
[EventCountry "MNE"]
[SourceTitle "playchess.com"]
[Source "ChessBase"]
[SourceQuality "1"]

1. d4 Nf6 2. c4 g6 3. Nc3 Bg7 4. e4 d6 5. h3 O-O 6. Be3 Nbd7 7. g4 c5 8. Nge2 Qa5 9. Qd2 b5 10. Bg2 b4 11. e5 cxd4 12. exf6 bxc3 13. fxg7 cxd2+ 14. Bxd2 Qb6 15. gxf8=Q+ Kxf8 16. Bxa8 Qxb2 17. Rd1 e5 18. O-O Nb6 19. Bf3 Kg7 20. Nc1 Nxc4 21. Nd3 Qa3 22. Bb4 Qa4 23. Rc1 Be6 24. Bd1 Qb5 25. Bb3 d5 26. Bc5 f6 27. Rfd1 Qd7 28. Bb4 Bf7 29. Nc5 Qb5 30. a3 a5 31. Ba4 Qb8 32. Nd7 Qc7 33. Be7 Be8 34. Bxf6+ Kh6 35. g5+ Kh5 36. Bxe5 Qd8 37. Bf6 Qc7 38. Rxd4 Bxd7 39. Bd1+ 1-0

[Event "European Women-ch 2023"]
[Site "Petrovac"]
[Date "2023.03.23"]
[Round "6.3"]
[White "Narva, Mai"]
[Black "Efroimski, Marsel"]
[Result "1-0"]
[WhiteElo "2389"]
[BlackElo "2451"]
[Annotator "TA"]
[PlyCount "85"]
[EventDate "2023.03.15"]
[EventType "swiss"]
[EventCountry "MNE"]
[SourceTitle "playchess.com"]
[Source "ChessBase"]
[SourceQuality "1"]

1. e4 e6 2. d4 d5 3. exd5 exd5 4. Nf3 Nc6 5. Bb5 Bd6 6. O-O Nge7 7. c4 dxc4 8. Bxc4 O-O 9. h3 Bf5 10. Nc3 Qd7 11. Nb5 Rad8 12. a3 h6 13. Re1 Ng6 14. d5 Bc5 15. b4 Bb6 16. Nc3 Nce7 17. Be3 c6 18. Bxb6 axb6 19. Ne5 Nxe5 20. Rxe5 Ng6 21. Re1 Nf4 22. Qd4 Nxd5 23. Bxd5 cxd5 24. Rad1 Be6 25. Qxb6 Qc6 26. Qd4 Qc4 27. Re3 Qxd4 28. Rxd4 Rd6 29. f4 Rc8 30. Red3 Kf8 31. g4 g6 32. Kf2 Rdc6 33. Nxd5 Rc2+ 34. Kg3 Rd8 35. a4 Rb2 36. Ne3 Re8 37. f5 gxf5 38. gxf5 Ba2 39. f6 Re2 40. Kf3 Rh2 41. Rh4 Bb1 42. Rxh6 Kg8 43. Rd4 1-0

[Event "European Women-ch 2023"]
[Site "Petrovac"]
[Date "2023.03.23"]
[Round "6.3"]
[White "Sargsyan, Anna M."]
[Black "Toncheva, Nadya"]
[Result "1-0"]
[WhiteElo "2371"]
[BlackElo "2192"]
[Annotator "TA"]
[PlyCount "103"]
[EventDate "2023.03.15"]
[EventType "swiss"]
[EventCountry "MNE"]
[SourceTitle "playchess.com"]
[Source "ChessBase"]
[SourceQuality "1"]

1. e4 c5 2. Nf3 e6 3. d4 cxd4 4. Nxd4 Nc6 5. Nc3 Qc7 6. Be3 a6 7. Qf3 Bd6 8. O-O-O Be5 9. g3 Nge7 10. Qe2 b5 11. f4 Bxd4 12. Bxd4 Nxd4 13. Rxd4 O-O 14. Bg2 Nc6 15. Rd2 b4 16. Na4 d6 17. e5 dxe5 18. Qe4 b3 19. a3 Bb7 20. Nc5 Rac8 21. Qa4 Na5 22. Bxb7 Nxb7 23. Nxb3 exf4 24. Qxa6 e5 25. gxf4 exf4 26. Rf1 Rfe8 27. c3 Ra8 28. Qb5 Re5 29. Qb4 g5 30. h4 h6 31. Rfd1 Rd8 32. hxg5 hxg5 33. Nd4 Re4 34. Qb5 Re5 35. Qb4 Re4 36. Rg1 Rd5 37. Ne6 Rxb4 38. Rxd5 fxe6 39. Rdxg5+ Kf8 40. Rg8+ Ke7 41. R1g7+ Kd6 42. Rxc7 Rxb2 43. Rgg7 Rh2 44. Rxb7 f3 45. Rgf7 Rf2 46. Rb2 Rf1+ 47. Kc2 e5 48. Kd3 Kd5 49. Ke3 e4 50. Rd2+ Ke6 51. Rf4 Re1+ 52. Kf2 1-0

[Event "European Women-ch 2023"]
[Site "Petrovac"]
[Date "2023.03.23"]
[Round "6.3"]
[White "Calzetta Ruiz, Monica"]
[Black "Vidic, Teja"]
[Result "1/2-1/2"]
[WhiteElo "2185"]
[BlackElo "2097"]
[Annotator "TA"]
[PlyCount "114"]
[EventDate "2023.03.15"]
[EventType "swiss"]
[EventCountry "MNE"]
[SourceTitle "playchess.com"]
[Source "ChessBase"]
[SourceQuality "1"]

1. e4 e5 2. Nf3 Nc6 3. Bb5 a6 4. Ba4 d6 5. O-O Bd7 6. c3 g6 7. d4 Bg7 8. Be3 Nf6 9. Nbd2 Ng4 10. Bg5 f6 11. Bh4 O-O 12. h3 Nh6 13. Bxc6 Bxc6 14. dxe5 g5 15. exf6 Bxf6 16. Bg3 Nf7 17. Nd4 Bd7 18. Nc4 Re8 19. f3 b5 20. Ne3 Rb8 21. Re1 a5 22. a3 b4 23. axb4 axb4 24. Nd5 Bh8 25. Ra7 c6 26. Ne3 bxc3 27. bxc3 c5 28. Ndf5 Bxc3 29. Nd5 Bxf5 30. Nxc3 Be6 31. Nd5 Kf8 32. Qd2 h5 33. Rea1 Bxd5 34. Qxd5 Re7 35. Ra8 Kg7 36. Rxb8 Qxb8 37. Qxc5 Qb2 38. Qc1 Qb6+ 39. Bf2 Qb5 40. Bd4+ Kh7 41. Qc8 Re8 42. Qc7 Kg6 43. Ra7 Qb3 44. Kh2 g4 45. Rb7 Qe6 46. f4 g3+ 47. Kxg3 Rg8 48. Kf3 Qa2 49. f5+ Kh6 50. Be3+ Rg5 51. Bxg5+ Nxg5+ 52. Kg3 h4+ 53. Kxh4 Qf2+ 54. g3 Nf3+ 55. Kg4 Ne5+ 56. Kh4 Nf3+ 57. Kg4 Ne5+ 1/2-1/2

[Event "European Women-ch 2023"]
[Site "Petrovac"]
[Date "2023.03.23"]
[Round "6.4"]
[White "Socko, Monika"]
[Black "Beydullayeva, Govhar"]
[Result "1-0"]
[WhiteElo "2432"]
[BlackElo "2388"]
[Annotator "TA"]
[PlyCount "81"]
[EventDate "2023.03.15"]
[EventType "swiss"]
[EventCountry "MNE"]
[SourceTitle "playchess.com"]
[Source "ChessBase"]
[SourceQuality "1"]

1. d4 Nf6 2. c4 e6 3. Nc3 Bb4 4. Qc2 O-O 5. e4 d6 6. e5 Nfd7 7. exd6 cxd6 8. Bd3 Nc6 9. Nge2 h6 10. O-O e5 11. a3 Ba5 12. d5 Ne7 13. b4 Bb6 14. Ng3 Bd4 15. Bd2 Nb6 16. Nge2 Bxc3 17. Nxc3 f5 18. f4 e4 19. Be2 Bd7 20. Qa2 Be8 21. Be3 Bf7 22. Rac1 Nd7 23. Nb5 Nf6 24. Qd2 a6 25. Nc3 Kh8 26. Rfd1 Rc8 27. Bd4 Bg8 28. a4 Ng6 29. a5 Ng4 30. Bxg4 fxg4 31. Nxe4 Rxf4 32. g3 Qe7 33. Re1 Rcf8 34. gxf4 Nh4 35. Rc3 Nf3+ 36. Rxf3 gxf3 37. Ng5 Qc7 38. Ne6 Bxe6 39. dxe6 Qxc4 40. Kf2 Re8 41. f5 1-0

[Event "European Women-ch 2023"]
[Site "Petrovac"]
[Date "2023.03.23"]
[Round "6.4"]
[White "Zawadzka, Jolanta"]
[Black "Rudzinska, Michalina"]
[Result "0-1"]
[WhiteElo "2391"]
[BlackElo "2212"]
[Annotator "TA"]
[PlyCount "140"]
[EventDate "2023.03.15"]
[EventType "swiss"]
[EventCountry "MNE"]
[SourceTitle "playchess.com"]
[Source "ChessBase"]
[SourceQuality "1"]

1. e4 c6 2. d4 d5 3. e5 Bf5 4. h4 h6 5. g4 Be4 6. f3 Bh7 7. Bd3 Bxd3 8. Qxd3 e6 9. h5 c5 10. c3 Nc6 11. Ne2 Rc8 12. a3 Qb6 13. Nd2 cxd4 14. cxd4 Na5 15. b3 Ne7 16. Kf2 Nec6 17. f4 Be7 18. Rb1 f6 19. b4 Nc4 20. Nxc4 dxc4 21. Qg6+ Kf8 22. Be3 Qc7 23. Nc3 Qd7 24. Rbd1 Bd8 25. d5 Ne7 26. Qe4 Nxd5 27. Nxd5 exd5 28. Rxd5 Qxg4 29. Bc5+ Kg8 30. Qxc4 Kh7 31. exf6 Bxf6 32. Qe4+ Kg8 33. Rd3 b6 34. Rg1 Qxh5 35. Qe6+ Kh7 36. Qe4+ Kg8 37. Be3 Re8 38. Qc4+ Kh7 39. Rg2 Qh4+ 40. Kg1 Qe1+ 41. Kh2 Rhf8 42. Bd2 Qf1 43. Qd5 Re2 44. Rdg3 Rd8 45. Qf5+ Kh8 46. Rxe2 Qxe2+ 47. Rg2 Qd1 48. Qg6 Qb3 49. Re2 Qd5 50. Re8+ Rxe8 51. Qxe8+ Kh7 52. Qe3 Bd4 53. Qd3+ Kh8 54. Qe2 Qf5 55. Bc1 b5 56. Bd2 Qc2 57. Kg3 Kh7 58. Kf3 Bb2 59. Qe3 Bxa3 60. Bc3 Bc1 61. Qd4 Qg6 62. Qe5 h5 63. Kf2 h4 64. f5 Qg5 65. Ke2 Qg4+ 66. Kf2 Bf4 67. Qe6 h3 68. Bd4 h2 69. Qc6 Qg1+ 70. Ke2 h1=Q 0-1

[Event "European Women-ch 2023"]
[Site "Petrovac"]
[Date "2023.03.23"]
[Round "6.4"]
[White "Pavlidou, Ekaterini"]
[Black "Dylag, Emilia"]
[Result "0-1"]
[WhiteElo "2178"]
[BlackElo "2052"]
[Annotator "TA"]
[PlyCount "126"]
[EventDate "2023.03.15"]
[EventType "swiss"]
[EventCountry "MNE"]
[SourceTitle "playchess.com"]
[Source "ChessBase"]
[SourceQuality "1"]

1. d4 Nf6 2. c4 e6 3. Nc3 Bb4 4. e3 O-O 5. Bd3 d5 6. Nf3 b6 7. cxd5 exd5 8. Bd2 a6 9. O-O Bb7 10. Ne5 Bd6 11. f4 c5 12. Be1 Nc6 13. Bh4 Be7 14. Bxf6 Bxf6 15. Ne2 c4 16. Bf5 g6 17. Bc2 Bg7 18. Qe1 b5 19. Qg3 Qe7 20. a3 Rfe8 21. Rf3 Nd8 22. h4 a5 23. h5 Ra6 24. Qh3 Ne6 25. Rg3 Nf8 26. hxg6 fxg6 27. Rf1 Bc8 28. Qh2 Rd6 29. Nc3 b4 30. Na4 Rf6 31. Nc5 Bf5 32. Bxf5 Rxf5 33. Rgf3 bxa3 34. bxa3 Ne6 35. g4 Rxe5 36. fxe5 Nxc5 37. Rf7 Qe6 38. dxc5 d4 39. exd4 Qxg4+ 40. Kh1 Qe4+ 41. R1f3 Qxd4 42. e6 Qd1+ 43. Qg1 Qd5 44. Qb1 Qxe6 45. Qb7 Qe1+ 46. Kg2 Qd2+ 47. Kh3 Qh6+ 48. Kg2 Qg5+ 49. Kf1 Qc1+ 50. Kg2 Qg5+ 51. Kf1 Qe5 52. Rf2 c3 53. Qb3 Kh8 54. Qc4 Rd8 55. Re2 Rd1+ 56. Kf2 Qh2+ 57. Kf3 Qh3+ 58. Ke4 Qg4+ 59. Rf4 Qd7 60. c6 Rd4+ 61. Ke3 Qh3+ 62. Rf3 Qxf3+ 63. Kxf3 Rxc4 0-1

[Event "European Women-ch 2023"]
[Site "Petrovac"]
[Date "2023.03.23"]
[Round "6.5"]
[White "Mkrtchian, Lilit"]
[Black "Danielian, Elina"]
[Result "1/2-1/2"]
[WhiteElo "2379"]
[BlackElo "2431"]
[Annotator "TA"]
[PlyCount "26"]
[EventDate "2023.03.15"]
[EventType "swiss"]
[EventCountry "MNE"]
[SourceTitle "playchess.com"]
[Source "ChessBase"]
[SourceQuality "1"]

1. Nf3 d5 2. g3 Nf6 3. Bg2 g6 4. O-O Bg7 5. d4 O-O 6. c4 c6 7. cxd5 cxd5 8. Qb3 Nc6 9. Nc3 Na5 10. Qa3 Nc4 11. Qb3 Na5 12. Qa3 Nc4 13. Qb3 Na5 1/2-1/2

[Event "European Women-ch 2023"]
[Site "Petrovac"]
[Date "2023.03.23"]
[Round "6.5"]
[White "Olde, Margareth"]
[Black "Melia, Salome"]
[Result "0-1"]
[WhiteElo "2234"]
[BlackElo "2366"]
[Annotator "TA"]
[PlyCount "134"]
[EventDate "2023.03.15"]
[EventType "swiss"]
[EventCountry "MNE"]
[SourceTitle "playchess.com"]
[Source "ChessBase"]
[SourceQuality "1"]

1. d4 Nf6 2. c4 e6 3. Nf3 c5 4. d5 d6 5. Nc3 exd5 6. cxd5 g6 7. Bf4 Bg7 8. h3 O-O 9. e3 Re8 10. Bd3 Na6 11. O-O Nc7 12. Bc4 Ne4 13. Nxe4 Rxe4 14. Qc2 Re8 15. a4 Bf5 16. Qb3 Rb8 17. Rfe1 Na6 18. Nd2 Qf6 19. Bg3 Qxb2 20. Qxb2 Bxb2 21. Bxd6 Bxa1 22. Rxa1 Rbd8 23. Bg3 Nb4 24. d6 Bd3 25. a5 Bxc4 26. Nxc4 f6 27. Rd1 Rd7 28. f3 Rc8 29. e4 Nc6 30. f4 Nd4 31. Rd2 Re8 32. e5 g5 33. fxg5 fxe5 34. Bxe5 Nc6 35. Rd5 b5 36. axb6 axb6 37. Nxb6 Nxe5 38. Rxe5 Rxe5 39. Nxd7 Rxg5 40. h4 Rf5 41. g4 Rf4 42. Nxc5 Rxg4+ 43. Kf2 Kf7 44. d7 Rd4 45. Ke3 Rd6 46. Kf4 Ke7 47. Ne4 Rxd7 48. Kg5 Rd5+ 49. Kg4 Kf7 50. Ng5+ Kg7 51. Ne4 Rd4 52. Kf4 Kg6 53. Kf3 Ra4 54. Nf2 Rxh4 55. Kg3 Ra4 56. Nh3 Rb4 57. Nf4+ Kg5 58. Nh3+ Kf5 59. Nf2 Rb3+ 60. Kh4 h6 61. Nh3 Ra3 62. Nf2 Kf4 63. Nh3+ Kf3 64. Ng1+ Kg2 65. Ne2 Ra4+ 66. Kh5 Rc4 67. Kxh6 Kf2 0-1

[Event "European Women-ch 2023"]
[Site "Petrovac"]
[Date "2023.03.23"]
[Round "6.5"]
[White "Skvortsova, Alena"]
[Black "Lach, Aleksandra"]
[Result "0-1"]
[WhiteElo "2032"]
[BlackElo "2170"]
[Annotator "TA"]
[PlyCount "126"]
[EventDate "2023.03.15"]
[EventType "swiss"]
[EventCountry "MNE"]
[SourceTitle "playchess.com"]
[Source "ChessBase"]
[SourceQuality "1"]

1. e4 c6 2. d4 d5 3. e5 Bf5 4. Nd2 e6 5. Nb3 a6 6. Nf3 c5 7. dxc5 Bxc5 8. Nxc5 Qa5+ 9. c3 Qxc5 10. Nd4 Ne7 11. h4 h6 12. Be2 Nd7 13. Qa4 Qc8 14. Bf4 Be4 15. h5 Nc6 16. Rh3 b5 17. Qa3 Ncxe5 18. Rg3 g5 19. hxg6 Nxg6 20. Bd6 e5 21. Nf3 Qc6 22. Rd1 O-O-O 23. Nd2 Nf6 24. Bc5 Rhe8 25. b4 Bc2 26. Rc1 Ba4 27. Qb2 Nf4 28. Rg7 Nxe2 29. Kxe2 Qe6 30. Nf3 Nh5 31. Rg3 Nxg3+ 32. fxg3 Qg4 33. Kf2 Rg8 34. Kf1 Qxg3 35. Re1 e4 36. Ng1 Rg6 37. Qd2 Rf6+ 38. Bf2 Rg8 39. Qd4 Qxg2+ 40. Ke2 Qg4+ 41. Kd2 Rc6 42. Ne2 Qg5+ 43. Be3 Qf6 44. Qa7 Rg2 45. Qa8+ Kd7 46. Qb7+ Ke8 47. Qa8+ Ke7 48. Qb7+ Kd8 49. Qa8+ Rc8 50. Qxd5+ Ke8 51. Qxe4+ Qe6 52. Qxg2 Qxa2+ 53. Kd3 Bc2+ 54. Kd4 Qe6 55. Qg8+ Kd7 56. Qxc8+ Kxc8 57. Bf4 Qe4+ 58. Kc5 Kb7 59. Bg3 Qc4+ 60. Kd6 Qe6+ 61. Kc5 Qe3+ 62. Nd4 Qxc3+ 63. Kd5 Bb3+ 0-1

[Event "European Women-ch 2023"]
[Site "Petrovac"]
[Date "2023.03.23"]
[Round "6.6"]
[White "Gunina, Valentina"]
[Black "Gaponenko, Inna"]
[Result "1/2-1/2"]
[WhiteElo "2478"]
[BlackElo "2349"]
[Annotator "TA"]
[PlyCount "82"]
[EventDate "2023.03.15"]
[EventType "swiss"]
[EventCountry "MNE"]
[SourceTitle "playchess.com"]
[Source "ChessBase"]
[SourceQuality "1"]

1. e4 e6 2. d4 d5 3. Nc3 Nf6 4. Bg5 dxe4 5. Nxe4 Be7 6. Nxf6+ Bxf6 7. Bxf6 Qxf6 8. c3 O-O 9. Bd3 Nd7 10. Nf3 c5 11. O-O Rd8 12. Qc2 g6 13. Rae1 cxd4 14. Nxd4 Nc5 15. f4 Nxd3 16. Qxd3 b6 17. Qg3 Ba6 18. Rf2 Rd5 19. h3 Bb7 20. Kh2 Rad8 21. Re5 Kg7 22. h4 h6 23. Rfe2 R8d7 24. Kg1 Kh7 25. a3 Kg7 26. h5 Rxe5 27. Rxe5 Rd5 28. b4 a6 29. hxg6 Qxg6 30. Re3 Qxg3 31. Rxg3+ Kf8 32. Kf2 e5 33. fxe5 Rxe5 34. Rd3 Ke7 35. g4 h5 36. Nf5+ Kf6 37. Nd6 Bd5 38. gxh5 Rxh5 39. c4 Be6 40. c5 bxc5 41. Ne4+ Ke7 1/2-1/2

[Event "European Women-ch 2023"]
[Site "Petrovac"]
[Date "2023.03.23"]
[Round "6.6"]
[White "Mamedjarova, Turkan"]
[Black "Bivol, Alina"]
[Result "0-1"]
[WhiteElo "2229"]
[BlackElo "2365"]
[Annotator "TA"]
[PlyCount "102"]
[EventDate "2023.03.15"]
[EventType "swiss"]
[EventCountry "MNE"]
[SourceTitle "playchess.com"]
[Source "ChessBase"]
[SourceQuality "1"]

1. d4 d5 2. c4 e6 3. Nc3 Nf6 4. Bg5 Be7 5. e3 h6 6. Bh4 dxc4 7. Bxc4 O-O 8. Nf3 c5 9. O-O cxd4 10. exd4 Nc6 11. a3 Nh5 12. Bxe7 Nxe7 13. Ne5 Nf6 14. Rc1 b6 15. Qf3 Rb8 16. Rfe1 a6 17. Ne4 Nxe4 18. Qxe4 Qd6 19. Bd3 f5 20. Qh4 b5 21. Qh5 Bb7 22. Bb1 Qd5 23. Nf3 Rbc8 24. Rcd1 Rf6 25. Re5 Qb3 26. Rde1 Bd5 27. R5e2 Ng6 28. Nd2 Qa4 29. g3 Qxd4 30. Nf3 Qa7 31. Ne5 Nxe5 32. Rxe5 Qb7 33. Qe2 Kh8 34. b4 Bf3 35. Qd2 Bh1 36. f4 h5 37. Ba2 Be4 38. Qd4 Qe7 39. Qb6 Rc6 40. Qd4 Rd6 41. Qc5 Qd7 42. Bb3 Rc6 43. Qe3 Qc7 44. Rc5 h4 45. Rxc6 Qxc6 46. Rc1 Qb7 47. g4 fxg4 48. Rc5 h3 49. Rh5+ Kg8 50. Re5 Bc2 51. Rd5 Bxb3 0-1

[Event "European Women-ch 2023"]
[Site "Petrovac"]
[Date "2023.03.23"]
[Round "6.6"]
[White "Gaboyan, Susanna"]
[Black "Walter, Ema"]
[Result "1-0"]
[WhiteElo "2160"]
[BlackElo "2048"]
[Annotator "TA"]
[PlyCount "77"]
[EventDate "2023.03.15"]
[EventType "swiss"]
[EventCountry "MNE"]
[SourceTitle "playchess.com"]
[Source "ChessBase"]
[SourceQuality "1"]

1. Nf3 Nf6 2. g3 g6 3. Bg2 Bg7 4. O-O O-O 5. d3 d5 6. Nbd2 d4 7. e4 dxe3 8. fxe3 Nd5 9. Nc4 c5 10. e4 Nc7 11. a4 Be6 12. Ne3 h6 13. c3 Nc6 14. Nc2 Na5 15. Be3 Qd7 16. Ra3 Rfd8 17. Bxc5 Nc4 18. Rb3 Qxa4 19. Rb4 Qd7 20. Bd4 a5 21. Rxb7 Qc6 22. Rb3 a4 23. Rb4 Na6 24. dxc4 Bxc4 25. Rxc4 Qxc4 26. Qc1 f6 27. e5 Rab8 28. exf6 exf6 29. Nh4 Qb5 30. Nxg6 Rd7 31. Qe3 Rf7 32. Ne7+ Kf8 33. Nf5 Qxb2 34. Nxg7 Qxc2 35. Qxh6 Rb2 36. Qh8+ Ke7 37. Re1+ Kd6 38. Qd8+ Rd7 39. Re6# 1-0

[Event "European Women-ch 2023"]
[Site "Petrovac"]
[Date "2023.03.23"]
[Round "6.7"]
[White "Daulyte-Cornette, Deimante"]
[Black "Mammadzada, Gunay"]
[Result "1-0"]
[WhiteElo "2344"]
[BlackElo "2472"]
[Annotator "TA"]
[PlyCount "37"]
[EventDate "2023.03.15"]
[EventType "swiss"]
[EventCountry "MNE"]
[SourceTitle "playchess.com"]
[Source "ChessBase"]
[SourceQuality "1"]

1. e4 c5 2. Nf3 d6 3. Bb5+ Bd7 4. Bxd7+ Nxd7 5. c3 Ngf6 6. Qe2 e6 7. d4 Be7 8. e5 Nd5 9. c4 N5b6 10. exd6 Bxd6 11. b4 cxd4 12. c5 d3 13. Qxd3 Qf6 14. Qc3 Be7 15. cxb6 Bxb4 16. Qxb4 Qxa1 17. bxa7 Rxa7 18. O-O Qf6 19. Bg5 1-0

[Event "European Women-ch 2023"]
[Site "Petrovac"]
[Date "2023.03.23"]
[Round "6.7"]
[White "Abdulla, Khayala"]
[Black "Tsolakidou, Stavroula"]
[Result "1/2-1/2"]
[WhiteElo "2221"]
[BlackElo "2358"]
[Annotator "TA"]
[PlyCount "140"]
[EventDate "2023.03.15"]
[EventType "swiss"]
[EventCountry "MNE"]
[SourceTitle "playchess.com"]
[Source "ChessBase"]
[SourceQuality "1"]

1. e4 c5 2. c3 d5 3. exd5 Nf6 4. Bb5+ Nbd7 5. Nf3 Nxd5 6. d4 e6 7. O-O a6 8. Bd3 Be7 9. Nbd2 O-O 10. Ne4 cxd4 11. cxd4 b6 12. Bd2 Bb7 13. a3 N5f6 14. Nc3 b5 15. Qe2 Nb6 16. Rad1 Rc8 17. Bg5 Rc7 18. Ne5 Nbd5 19. Nb1 Nd7 20. Bd2 Rc8 21. Rc1 N7f6 22. Rxc8 Qxc8 23. Rc1 Qa8 24. b4 Bd8 25. Be3 Bb6 26. Nd2 Rc8 27. Nb3 Nxe3 28. Rxc8+ Qxc8 29. Qxe3 Nd5 30. Qf3 Nf6 31. Qe3 Qd8 32. Nc5 Qd5 33. f3 Ba8 34. Bc2 Qd6 35. Qf4 Qc7 36. Ned3 Qd8 37. Ne5 Qc7 38. Ned3 a5 39. Qxc7 Bxc7 40. bxa5 Bxa5 41. Nb4 Ne8 42. Be4 Bxe4 43. fxe4 Nd6 44. Kf2 Bb6 45. Kf3 Nc4 46. Nc2 e5 47. Nb3 exd4 48. Ke2 Kf8 49. Kd3 Ne5+ 50. Kd2 d3 51. Ne1 Nc4+ 52. Kxd3 Nxa3 53. Kc3 Bc7 54. Nf3 Nc4 55. Kb4 Nd6 56. e5 Nc4 57. Kxb5 Nxe5 58. Nxe5 Bxe5 59. h3 Ke7 60. Kc4 Kf6 61. Kd3 Kg5 62. Ke4 Bc3 63. Kf3 Kh4 64. Nc5 f5 65. Nd3 g5 66. Nf2 Bd4 67. g3+ Kh5 68. g4+ Kg6 69. gxf5+ Kxf5 70. Ne4 h5 1/2-1/2

[Event "European Women-ch 2023"]
[Site "Petrovac"]
[Date "2023.03.23"]
[Round "6.7"]
[White "Ivekovic, Tihana"]
[Black "Pirvulescu, Ekaterina"]
[Result "1/2-1/2"]
[WhiteElo "2132"]
[BlackElo "2032"]
[Annotator "TA"]
[PlyCount "89"]
[EventDate "2023.03.15"]
[EventType "swiss"]
[EventCountry "MNE"]
[SourceTitle "playchess.com"]
[Source "ChessBase"]
[SourceQuality "1"]

1. d4 d5 2. c4 dxc4 3. Nf3 Nf6 4. e3 e6 5. Bxc4 a6 6. O-O c5 7. Be2 cxd4 8. Nxd4 Be7 9. b3 O-O 10. Bb2 b5 11. Nd2 Bb7 12. Bf3 Ra7 13. Qe2 Qd7 14. Rac1 e5 15. Bxb7 exd4 16. Bf3 d3 17. Qd1 Rc7 18. Rxc7 Qxc7 19. Qb1 Rd8 20. Rc1 Qa5 21. Rd1 Nbd7 22. Bd4 Bb4 23. Ne4 d2 24. Qc2 Nxe4 25. Bxe4 Nf6 26. Bxf6 gxf6 27. Bxh7+ Kf8 28. Bf5 Rd5 29. Qc8+ Kg7 30. Be4 Rc5 31. Qg4+ Kf8 32. h4 Qxa2 33. h5 Qxb3 34. Bf3 Rg5 35. Qc8+ Kg7 36. Qxa6 Qe6 37. Qa1 Qe5 38. Qa2 Qe6 39. Qb2 Qc4 40. h6+ Kxh6 41. Qxf6+ Rg6 42. Qf5 Bc3 43. g3 Rf6 44. Qh5+ Kg7 45. Be2 1/2-1/2